Para los niños del mundo: ejemplos de colaboración entre la UNESCO y el UNICEF
Gespeichert in:
| 1. Verfasser: | |
|---|---|
| Format: | Buch |
| Sprache: | Spanisch |
| Veröffentlicht: |
París
UNESCO
1969
|
| Schriftenreihe: | <La >UNESCO y su programa
|
| Schlagworte: | |
| Tags: |
Tag hinzufügen
Keine Tags, Fügen Sie den ersten Tag hinzu!
|
MARC
| LEADER | 00000nam a2200000 a 4500 | ||
|---|---|---|---|
| 001 | UCY7698 | ||
| 003 | CL-VaPUC | ||
| 008 | 950616e19690000FR |||||||||||||||||spa|d | ||
| 082 | 0 | 4 | |a 362.7 |b GRE |2 21 |
| 100 | 0 | |a Greenough, Richard |e author |9 338399 | |
| 245 | 1 | 0 | |a Para los niños del mundo: ejemplos de colaboración entre la UNESCO y el UNICEF |
| 300 | |a 66 p | ||
| 942 | |c BK | ||
| 945 | |d 19950616 00:00:00 |a cmena | ||
| 260 | |a París |b UNESCO |c 1969 | ||
| 650 | 0 | |a Niños |9 255605 | |
| 650 | 0 | |a Educación básica |9 224933 | |
| 650 | 7 | |a EDUCACION Y DESARROLLO |2 CL-VaPUC |9 324696 | |
| 650 | 0 | |a Formación de docentes |9 329378 | |
| 650 | 7 | |a PROGRAMAS DE DESARROLLO |2 CL-VaPUC |9 335854 | |
| 650 | 0 | |a Métodos de enseñanza |9 270413 | |
| 583 | |a last modification |c 19950616 00:00:00 |k Rodrigo Vera | ||
| 490 | 0 | |a <La >UNESCO y su programa | |
| 999 | |c 235024 |d 235022 | ||
| 952 | |0 0 |1 0 |4 0 |6 362_700000000000000_GRE_1969 |7 0 |8 P |9 242122 |a BIBEDU |b BIBEDU |c BIBEDU_PB |d 2019-11-18 |i 1521179 |o 362.7 GRE 1969 |p 1521179 |r 2024-01-25 |w 2019-11-18 |y BK |k EDU | ||
| 952 | |0 0 |1 0 |4 0 |6 362_700000000000000_GRE_1969 |7 0 |8 P |9 242123 |a BIBEDU |b BIBEDU |c BIBEDU_PB |d 2019-11-18 |i 1607529 |o 362.7 GRE 1969 |p 1607529 |r 2024-01-25 |w 2019-11-18 |y BK |k EDU | ||
| 952 | |0 0 |1 0 |4 0 |6 362_700000000000000_GRE_1969 |7 0 |8 P |9 242124 |a BIBEDU |b BIBEDU |c BIBEDU_PB |d 2019-11-18 |i 3202763 |o 362.7 GRE 1969 |p 3202763 |r 2024-01-25 |w 2019-11-18 |y BK |k EDU | ||